00531 2200205 4500001002100000005001500021035002000036007000300056008004100059020001800100082000800118084001400126100001800140245004400158250001100202260005100213300003800264990001100302990001200313INLIS00000000000474720191218023204 a0010-1219000199ta191218 g 1 ind  a9789799103222 a576 a576 GON k0 aGonick, larry1 aKartun Biologi Genetika /cLarry Gonick aCet. 1 aJakarta :bKepustakaan Populer Gramedia,c2001 av, 218 hlm :b.ilus ;c17 x 22 cm a12949a a12.949a